Démocratie ou Dictature? 20 Pays Aléatoires - Statistiques

Statistiques générales
  • Ce quiz a été pris 68 fois
    60 depuis la dernière actualisation
  • Le résultat moyen est 12 sur 20
Statistiques - réponses
Question Réponse % Correct
Allemagne Démocratie Parfaite / Imparfaite (+ de 6)
100%
Australie Démocratie Parfaite / Imparfaite (+ de 6)
100%
Belgique Démocratie Parfaite / Imparfaite (+ de 6)
100%
Brésil Démocratie Parfaite / Imparfaite (+ de 6)
100%
Canada Démocratie Parfaite / Imparfaite (+ de 6)
100%
Croatie Démocratie Parfaite / Imparfaite (+ de 6)
100%
Danemark Démocratie Parfaite / Imparfaite (+ de 6)
100%
Espagne Démocratie Parfaite / Imparfaite (+ de 6)
100%
Estonie Démocratie Parfaite / Imparfaite (+ de 6)
100%
Finlande Démocratie Parfaite / Imparfaite (+ de 6)
100%
France Démocratie Parfaite / Imparfaite (+ de 6)
100%
Luxembourg Démocratie Parfaite / Imparfaite (+ de 6)
100%
Malte Démocratie Parfaite / Imparfaite (+ de 6)
100%
Paraguay Démocratie Parfaite / Imparfaite (+ de 6)
100%
Pays-Bas Démocratie Parfaite / Imparfaite (+ de 6)
100%
Portugal Démocratie Parfaite / Imparfaite (+ de 6)
100%
Royaume-Uni Démocratie Parfaite / Imparfaite (+ de 6)
100%
Suède Démocratie Parfaite / Imparfaite (+ de 6)
100%
Suisse Démocratie Parfaite / Imparfaite (+ de 6)
100%
Taïwan Démocratie Parfaite / Imparfaite (+ de 6)
100%
Chine Régime Autoritaire / Très Autoritaire (- de 4)
100%
Palestine Régime Autoritaire / Très Autoritaire (- de 4)
100%
Russie Régime Autoritaire / Très Autoritaire (- de 4)
100%
Soudan Régime Autoritaire / Très Autoritaire (- de 4)
100%
Tchad Régime Autoritaire / Très Autoritaire (- de 4)
100%
Togo Régime Autoritaire / Très Autoritaire (- de 4)
100%
Yémen Régime Autoritaire / Très Autoritaire (- de 4)
100%
Islande Démocratie Parfaite / Imparfaite (+ de 6)
89%
Autriche Démocratie Parfaite / Imparfaite (+ de 6)
88%
Chypre Démocratie Parfaite / Imparfaite (+ de 6)
88%
Hongrie Démocratie Parfaite / Imparfaite (+ de 6)
88%
États-Unis Démocratie Parfaite / Imparfaite (+ de 6)
86%
Norvège Démocratie Parfaite / Imparfaite (+ de 6)
86%
Pologne Démocratie Parfaite / Imparfaite (+ de 6)
86%
Afghanistan Régime Autoritaire / Très Autoritaire (- de 4)
86%
Cuba Régime Autoritaire / Très Autoritaire (- de 4)
86%
Albanie Démocratie Parfaite / Imparfaite (+ de 6)
83%
Italie Démocratie Parfaite / Imparfaite (+ de 6)
83%
Corée du Nord Régime Autoritaire / Très Autoritaire (- de 4)
83%
Haïti Régime Autoritaire / Très Autoritaire (- de 4)
83%
Salvador Régime Hybride (entre 4 et 6)
83%
Corée du Sud Démocratie Parfaite / Imparfaite (+ de 6)
80%
Irlande Démocratie Parfaite / Imparfaite (+ de 6)
80%
Japon Démocratie Parfaite / Imparfaite (+ de 6)
80%
Macédoine du Nord Démocratie Parfaite / Imparfaite (+ de 6)
80%
Comores Régime Autoritaire / Très Autoritaire (- de 4)
80%
République Démocratique du Congo Régime Autoritaire / Très Autoritaire (- de 4)
80%
Turquie Régime Hybride (entre 4 et 6)
78%
Bulgarie Démocratie Parfaite / Imparfaite (+ de 6)
75%
Grèce Démocratie Parfaite / Imparfaite (+ de 6)
75%
Lituanie Démocratie Parfaite / Imparfaite (+ de 6)
75%
Slovénie Démocratie Parfaite / Imparfaite (+ de 6)
75%
Burundi Régime Autoritaire / Très Autoritaire (- de 4)
75%
Émirats Arabes Unis Régime Autoritaire / Très Autoritaire (- de 4)
75%
Iran Régime Autoritaire / Très Autoritaire (- de 4)
75%
Bolivie Régime Hybride (entre 4 et 6)
75%
Équateur Régime Hybride (entre 4 et 6)
75%
Hong Kong Régime Hybride (entre 4 et 6)
75%
Liberia Régime Hybride (entre 4 et 6)
75%
Sierra Leone Régime Hybride (entre 4 et 6)
75%
Tunisie Régime Hybride (entre 4 et 6)
75%
Biélorussie Régime Autoritaire / Très Autoritaire (- de 4)
71%
Nicaragua Régime Autoritaire / Très Autoritaire (- de 4)
71%
Qatar Régime Autoritaire / Très Autoritaire (- de 4)
71%
Vénézuéla Régime Autoritaire / Très Autoritaire (- de 4)
71%
Afrique du Sud Démocratie Parfaite / Imparfaite (+ de 6)
67%
Lettonie Démocratie Parfaite / Imparfaite (+ de 6)
67%
Uruguay Démocratie Parfaite / Imparfaite (+ de 6)
67%
Azerbaïdjan Régime Autoritaire / Très Autoritaire (- de 4)
67%
Burkina Faso Régime Autoritaire / Très Autoritaire (- de 4)
67%
République Centrafricaine Régime Autoritaire / Très Autoritaire (- de 4)
67%
Irak Régime Autoritaire / Très Autoritaire (- de 4)
67%
Koweït Régime Autoritaire / Très Autoritaire (- de 4)
67%
Laos Régime Autoritaire / Très Autoritaire (- de 4)
67%
Mali Régime Autoritaire / Très Autoritaire (- de 4)
67%
Oman Régime Autoritaire / Très Autoritaire (- de 4)
67%
Rwanda Régime Autoritaire / Très Autoritaire (- de 4)
67%
Géorgie Régime Hybride (entre 4 et 6)
67%
Maroc Régime Hybride (entre 4 et 6)
67%
Tanzanie Régime Hybride (entre 4 et 6)
67%
Tchéquie Démocratie Parfaite / Imparfaite (+ de 6)
63%
Côte d'Ivoire Régime Hybride (entre 4 et 6)
63%
Cap-Vert Démocratie Parfaite / Imparfaite (+ de 6)
60%
Roumanie Démocratie Parfaite / Imparfaite (+ de 6)
60%
Slovaquie Démocratie Parfaite / Imparfaite (+ de 6)
60%
Arabie Saoudite Régime Autoritaire / Très Autoritaire (- de 4)
60%
Libye Régime Autoritaire / Très Autoritaire (- de 4)
60%
Ouzbékistan Régime Autoritaire / Très Autoritaire (- de 4)
60%
Bosnie-Herzégovine Régime Hybride (entre 4 et 6)
60%
Gambie Régime Hybride (entre 4 et 6)
60%
Nigeria Régime Hybride (entre 4 et 6)
60%
Argentine Démocratie Parfaite / Imparfaite (+ de 6)
57%
Guinée Équatoriale Régime Autoritaire / Très Autoritaire (- de 4)
57%
Pakistan Régime Autoritaire / Très Autoritaire (- de 4)
57%
Guatemala Régime Hybride (entre 4 et 6)
55%
Honduras Régime Hybride (entre 4 et 6)
55%
Ghana Démocratie Parfaite / Imparfaite (+ de 6)
50%
Maurice Démocratie Parfaite / Imparfaite (+ de 6)
50%
Moldavie Démocratie Parfaite / Imparfaite (+ de 6)
50%
Mongolie Démocratie Parfaite / Imparfaite (+ de 6)
50%
Nouvelle-Zélande Démocratie Parfaite / Imparfaite (+ de 6)
50%
Bahreïn Régime Autoritaire / Très Autoritaire (- de 4)
50%
Birmanie Régime Autoritaire / Très Autoritaire (- de 4)
50%
République du Congo Régime Autoritaire / Très Autoritaire (- de 4)
50%
Égypte Régime Autoritaire / Très Autoritaire (- de 4)
50%
Guinée-Bissau Régime Autoritaire / Très Autoritaire (- de 4)
50%
Kirghizistan Régime Autoritaire / Très Autoritaire (- de 4)
50%
Mozambique Régime Autoritaire / Très Autoritaire (- de 4)
50%
Syrie Régime Autoritaire / Très Autoritaire (- de 4)
50%
Turkménistan Régime Autoritaire / Très Autoritaire (- de 4)
50%
Zimbabwe Régime Autoritaire / Très Autoritaire (- de 4)
50%
Bénin Régime Hybride (entre 4 et 6)
50%
Fidji Régime Hybride (entre 4 et 6)
50%
Sénégal Régime Hybride (entre 4 et 6)
50%
Chili Démocratie Parfaite / Imparfaite (+ de 6)
43%
Érythrée Régime Autoritaire / Très Autoritaire (- de 4)
43%
Malawi Régime Hybride (entre 4 et 6)
43%
Indonésie Démocratie Parfaite / Imparfaite (+ de 6)
40%
Malaisie Démocratie Parfaite / Imparfaite (+ de 6)
40%
Monténégro Démocratie Parfaite / Imparfaite (+ de 6)
40%
Serbie Démocratie Parfaite / Imparfaite (+ de 6)
40%
Trinité-et-Tobago Démocratie Parfaite / Imparfaite (+ de 6)
40%
Niger Régime Autoritaire / Très Autoritaire (- de 4)
40%
Vietnam Régime Autoritaire / Très Autoritaire (- de 4)
40%
Bangladesh Régime Hybride (entre 4 et 6)
40%
Népal Régime Hybride (entre 4 et 6)
40%
Pérou Régime Hybride (entre 4 et 6)
40%
Zambie Régime Hybride (entre 4 et 6)
40%
Cambodge Régime Autoritaire / Très Autoritaire (- de 4)
38%
Costa Rica Démocratie Parfaite / Imparfaite (+ de 6)
33%
Inde Démocratie Parfaite / Imparfaite (+ de 6)
33%
Jamaïque Démocratie Parfaite / Imparfaite (+ de 6)
33%
Panama Démocratie Parfaite / Imparfaite (+ de 6)
33%
Sri Lanka Démocratie Parfaite / Imparfaite (+ de 6)
33%
Gabon Régime Autoritaire / Très Autoritaire (- de 4)
33%
Liban Régime Autoritaire / Très Autoritaire (- de 4)
33%
Tadjikistan Régime Autoritaire / Très Autoritaire (- de 4)
33%
Kenya Régime Hybride (entre 4 et 6)
33%
Ouganda Régime Hybride (entre 4 et 6)
33%
Mexique Régime Hybride (entre 4 et 6)
30%
Djibouti Régime Autoritaire / Très Autoritaire (- de 4)
29%
Éthiopie Régime Autoritaire / Très Autoritaire (- de 4)
29%
Singapour Démocratie Parfaite / Imparfaite (+ de 6)
25%
Cameroun Régime Autoritaire / Très Autoritaire (- de 4)
25%
Eswatini Régime Autoritaire / Très Autoritaire (- de 4)
25%
Kazakhstan Régime Autoritaire / Très Autoritaire (- de 4)
25%
Arménie Régime Hybride (entre 4 et 6)
25%
Colombie Démocratie Parfaite / Imparfaite (+ de 6)
20%
Bhoutan Régime Hybride (entre 4 et 6)
20%
Mauritanie Régime Hybride (entre 4 et 6)
20%
Ukraine Régime Hybride (entre 4 et 6)
20%
Botswana Démocratie Parfaite / Imparfaite (+ de 6)
17%
Namibie Démocratie Parfaite / Imparfaite (+ de 6)
17%
Papouasie-Nouvelle-Guinée Démocratie Parfaite / Imparfaite (+ de 6)
14%
Thaïlande Démocratie Parfaite / Imparfaite (+ de 6)
14%
Guinée Régime Autoritaire / Très Autoritaire (- de 4)
14%
Angola Régime Hybride (entre 4 et 6)
14%
Guyana Démocratie Parfaite / Imparfaite (+ de 6)
11%
République Dominicaine Démocratie Parfaite / Imparfaite (+ de 6)
0%
Israël Démocratie Parfaite / Imparfaite (+ de 6)
0%
Lesotho Démocratie Parfaite / Imparfaite (+ de 6)
0%
Philippines Démocratie Parfaite / Imparfaite (+ de 6)
0%
Suriname Démocratie Parfaite / Imparfaite (+ de 6)
0%
Timor Oriental Démocratie Parfaite / Imparfaite (+ de 6)
0%
Algérie Régime Autoritaire / Très Autoritaire (- de 4)
0%
Jordanie Régime Autoritaire / Très Autoritaire (- de 4)
0%
Madagascar Régime Hybride (entre 4 et 6)
0%
Aucun quiz correspondant
Distribution des résultats
% des personnes avec chaque résultat
Percentile par nombre de réponses
Votre historique - résultats
Vous n’avez pas pris ce quiz depuis la dernière actualisation